The handgun.

Bibliographic Details
Main Author: Boothroyd, Geoffrey
Format: Book
Language:English
Published: New York : Crown Publishers, [1970]
Subjects:

MARC

Tag First Indicator Second Indicator Subfields
LEADER 00000cam a2200000 4500
001 in00000093881
005 20150927070228.0
008 700624s1970 nyuac b 00000 eng
010 |a  70108067  
035 |a (OCoLC)00078299 
035 |9 AAL5734AM 
037 |c 19.95 
040 |a DLC  |c DLC  |d TXA  |d UtOrBLW 
049 |a TXAM  |c [704107] 
050 0 0 |a TS537  |b .B65 1970 
082 0 |a 683/.43/09 
100 1 |a Boothroyd, Geoffrey. 
245 1 4 |a The handgun. 
264 1 |a New York :  |b Crown Publishers,  |c [1970] 
300 |a 564 pages :  |b illustrations, portraits ;  |c 29 cm. 
336 |a text  |b txt  |2 rdacontent 
337 |a unmediated  |b n  |2 rdamedia 
338 |a volume  |b nc  |2 rdacarrier 
504 |a Includes bibliographical references. 
650 0 |a Pistols  |x History. 
999 |a MARS 
999 f f |s 58aec7b6-4f80-37ed-a8cf-00a7c7ea031f  |i f29614ef-e43c-3d13-94b5-600d1a38ca43  |t 0 
952 f f |p ric  |a Texas A&M University  |b Rellis Campus  |c Joint Library Facility  |d Remote Storage  |t 0  |e TS537 .B65 1970  |h Library of Congress classification  |i unmediated -- volume  |m A14805647707 
998 f f |a TS537 .B65 1970  |t 0  |l Remote Storage